| 000 | 00847cam a22002773a 4500 | ||
|---|---|---|---|
| 001 | 112 | ||
| 003 | PGUSA | ||
| 005 | 20140828082944.0 | ||
| 008 | 940301s1994||||xxu|||||s|||||000 1 eng d | ||
| 040 |
_aPGUSA _beng |
||
| 042 | _adc | ||
| 050 | 4 | _aPS | |
| 100 | 1 |
_aMcGowan, Richard, _d1958- |
|
| 245 | 1 | 0 |
_aViolists _h[electronic resource] / _cRichard McGowan |
| 260 |
_bProject Gutenberg, _c1994 |
||
| 505 | 0 | _aGretchen in the library -- The Hungarian lightbulb -- Christmas concert. | |
| 506 | _aCopyrighted. Read the copyright notice inside this book for details. | ||
| 516 | _aElectronic text | ||
| 653 | _aShort stories | ||
| 653 | _aLove stories | ||
| 653 | _aViolists -- Fiction | ||
| 653 | _aFathers and daughters -- Fiction | ||
| 830 | 0 |
_aProject Gutenberg _v112 |
|
| 856 | 4 | 0 | _uhttp://www.gutenberg.org/ebooks/112 |
| 942 | _cEB | ||
| 999 |
_c229483 _d229483 |
||